| 000 | 00757nam a2200253Ia 4500 | ||
|---|---|---|---|
| 003 | OSt | ||
| 005 | 20220927103618.0 | ||
| 006 | a|||||r|||| 00| 0 | ||
| 007 | ta | ||
| 008 | 220926b |||||||| |||| 00| 0 eng d | ||
| 024 | _a71484 | ||
| 037 | _cReference Collections | ||
| 040 |
_aRTL _cRTL _beng |
||
| 041 |
_2eng _aeng |
||
| 082 | _a"X755:(Z,3), H9.84-1" | ||
| 110 |
_aInternational Bank For Reconstruction And Development etc _9360520 |
||
| 245 | 0 | _aAgreement amending loan agreement. | |
| 260 | _c1949 | ||
| 300 |
_a6p. _ccm. |
||
| 650 |
_aForeign Loan _9360521 |
||
| 700 |
_aInternational Bank For Reconstruction And Development etc _9360522 |
||
| 942 |
_h"X755:(Z,3), H9.84-1" _cCC |
||
| 999 |
_c684302 _d684302 |
||